Library of the University of Algiers 3
Ibrahim Sultan Cheibout
شعار جامعة الجزائر 3
مكتبة جامعة الجزائر 3
إبراهيم سلطان شيبوط

طرق الإثبات في المواد المدنية والتجارية : (رقم التسجيلة. 45639)

تفاصيل مارك
000 -LEADER
fixed length control field 01683nam a2200229Ia 4500
003 - CONTROL NUMBER IDENTIFIER
control field Ost
005 - DATE AND TIME OF LATEST TRANSACTION
control field 20260507075653.0
008 - FIXED-LENGTH DATA ELEMENTS--GENERAL INFORMATION
fixed length control field 260507s9999||||xx |||||||||||||| ||und||
040 ## - CATALOGING SOURCE
Transcribing agency fsecg
041 ## - LANGUAGE CODE
Language code of text/sound track or separate title ara
082 ## - DEWEY DECIMAL CLASSIFICATION NUMBER
Classification number 347.06
100 ## - MAIN ENTRY--PERSONAL NAME
Personal name موسى، خالد
Relator term مؤلف
245 #0 - TITLE STATEMENT
Title طرق الإثبات في المواد المدنية والتجارية :
Remainder of title في ضوء الفقه والتشريع وأحكام محكمة النقض /
Statement of responsibility, etc. خالد موسى
260 ## - PUBLICATION, DISTRIBUTION, ETC.
Place of publication, distribution, etc. القاهرة:
Name of publisher, distributor, etc. المكتب الثقافي للنشر والتوزيع,
Date of publication, distribution, etc. 2004
300 ## - PHYSICAL DESCRIPTION
Extent 327 صفحة؛
Other physical details إيضاحات ؛
Dimensions 24 سم
520 ## - SUMMARY, ETC.
Summary, etc. ماهية طرق الإثبات- حجية المحرارات الرسمية وماهي شروط اللازم توافرها حتى تتصف بالرسمية؟- المحرارات العرفية- حجية المحرارات العرفية المعدة للإثبات- حجية المحرارات العرفية بالنسبة للغير- الطعن بالتزوير -اجراءات الطعن بالتزوير الواردة في قانون الإثبات- التنازل عن الطعن بالتزوير- التوقيع على بياض- المحرارات العرفية غير المعدة للإثبات- الإثبات بشهادة الشهود البينية- حق المحكمة في احالة الدعوى للتحقيق من تلقاء نفسها- الإقرار- خصائص الإقرار- الإقرار القضائي- اليمين- المعاينة- الخبرة.
653 ## - INDEX TERM--UNCONTROLLED
Uncontrolled term الإثباث
653 ## - INDEX TERM--UNCONTROLLED
Uncontrolled term التشريع
653 ## - INDEX TERM--UNCONTROLLED
Uncontrolled term القانون التجاري
653 ## - INDEX TERM--UNCONTROLLED
Uncontrolled term القانون المدني
942 ## - ADDED ENTRY ELEMENTS (KOHA)
Koha item type كتب

لا توجد مواد متاحة.

موارد الويب المفتوحة


© University of Algiers 3 All Rights Reserved
|
Implemented by LECHELAH Riad